000 00381nam a2200145Ia 4500
008 191201s2003 xx 000 0 und d
082 _a621.3822
_bRAD
100 _aRAMESH, Babu, P
245 0 _aDigital Signal Processing
250 _a2nd
260 _aN.Delhi
_bScitech Publication Chennai and Hadrabad
_c2003
300 _a8.80, 9.13
650 _aB.Tech(ECE)
942 _2ddc
_cBK
999 _c1928
_d1928